South American Countries - Statistics

General Stats
  • This quiz has been taken 231 times
  • The average score is 11 of 14
Answers on the Map
Answers color-coded by a green-red scale on the quiz's map according to % correct below.
 
Answer Stats
Answer % Correct
Brazil
95%
Chile
94%
Argentina
87%
Falkland Islands
81%
Peru
81%
Paraguay
79%
Colombia
77%
Venezuela
77%
Ecuador
74%
Bolivia
73%
Uruguay
70%
French Guiana
69%
Suriname
64%
Guyana
49%
No matching quizzes found
Score Distribution
Percent of People with Each Score
Percentile by Number Answered
Your Score History
You have not taken this quiz